000 00288nam a22001337a 4500
003 SGT
020 _a0-19-568911-9
082 _a613.2
_bROD
100 _aRODAY, SUNETRA
245 _aFOOD SCIENCE & NUTRITION
260 _aNEW YORK
_bOXFORD
_c2010
300 _a356
942 _2ddc
_cBK
_02
999 _c22739
_d22739